Anglicko-slovenský frazeologický slovník

Salvato in:
Dettagli Bibliografici
Autore principale: Kvetko, Pavol
Natura: Libro
Lingua:inglese
slovacco
Pubblicazione: Bratislava Slovenské pedagogické nakladateľstvo 1984
Tags: Aggiungi Tag
Nessun Tag, puoi essere il primo ad aggiungerne!!

MARC

LEADER 00000nam a2200000 4500
001 c107663
005 20041019155139.5
041 0 |a eng 
041 0 |a slo 
044 |a SK 
245 1 0 |a Anglicko-slovenský frazeologický slovník  |c Pavol Kvetko 
264 1 |a Bratislava  |b Slovenské pedagogické nakladateľstvo  |c 1984 
300 |a 599 s. 
100 1 |a Kvetko, Pavol